Bytový dom

Saved in:
Bibliographic Details
Main Author: Tóth, Enikő (Author)
Other Authors: Hanko, Martin (Thesis advisor)
Format: Manuscript Book
Language:Slovak
Published: 2021
Subjects:
Online Access:http://is.stuba.sk/zp/portal_zp.pl?podrobnosti=143357
https://opac.crzp.sk/?fn=detailBiblioForm&sid=D17D9F3E5A956C16E11A9F884ED0
Tags: Add Tag
No Tags, Be the first to tag this record!

MARC

LEADER 00000ntm a22000003a 4500
001 stuzp84548
003 SK-STU
005 20230516090539.6
007 ta
008 150427s2015----xo-----f-mn---000-0-slo-d
040 |a STU  |b slo 
041 0 |a slo 
100 1 |a Tóth, Enikő  |u 010270  |4 aut  |U SvF Stavebná fakulta  |T SvF Katedra technológie stavieb  |X 92848  |U V270  |Y 28  |7 92848 
242 0 1 |a Residential House  |y eng 
245 1 0 |a Bytový dom 
260 |c 2021 
650 4 |a zelená strecha  |2 slo 
650 4 |a bytový dom  |2 slo 
650 4 |a intenzívna zeleň  |2 slo 
650 4 |a residential house  |2 eng 
650 4 |a green roof  |2 eng 
650 4 |a bauder  |2 eng 
700 1 |a Hanko, Martin  |u 010270  |k Z8  |4 ths  |U SvF Stavebná fakulta  |T SvF Katedra technológie stavieb  |X 49405  |U V270  |Y 28  |7 A000049405 
856 4 |u http://is.stuba.sk/zp/portal_zp.pl?podrobnosti=143357 
856 4 |u https://opac.crzp.sk/?fn=detailBiblioForm&sid=D17D9F3E5A956C16E11A9F884ED0